Global warming and biological diversity

Αποθηκεύτηκε σε:
Λεπτομέρειες βιβλιογραφικής εγγραφής
Άλλοι συγγραφείς: Peters, Robert L. (Επιμελητής έκδοσης)
Μορφή: Βιβλίο
Γλώσσα:English
Δημοσίευση: New Haven : Yale University Press, 1992
Θέματα:
Ετικέτες: Προσθήκη ετικέτας
Δεν υπάρχουν, Καταχωρήστε ετικέτα πρώτοι!

MARC

LEADER 00000nam a2200000 i 4500
001 1/66482
008 931020s eng d
020 |a 0-300-05056-9 
035 |a ΛΕΣΒΟΣb10001734  |l 10001734 
040 |a GR-MY-UA  |b gre  |e aacr 
041 0 |a eng 
082 0 |a 574.5222 
245 1 0 |a Global warming and biological diversity /  |c Edited by Robert Peters L. 
260 |a New Haven :   |b Yale University Press,   |c 1992 
300 |a 386 p.;  |c 26 cm. 
504 |a Includes bibliographical references and index 
650 0 0 |a Global warming  |x Congresses. 
650 0 0 |a Bioclimatology  |x Congresses. 
650 0 0 |a Biological diversity conservation  |x Congresses. 
650 0 0 |a Greenhouse effect, Atmospheric  |x Congresses. 
650 0 0 |a Biological diversity  |x Congresses. 
650 0 0 |a Climatic changes  |x Congresses. 
700 1 |a Peters, Robert L.  |4 edt 
852 |a INST  |b LESVOS  |e 19931020  |h 574.5222 GLO  |p 005100005970  |q 005100005970  |t BK  |y 0 
909 |a Λ  |b 025800